000 00551nam a2200217Ia 4500
003 OSt
005 20220928140738.0
006 a|||||r|||| 00| 0
007 ta
008 220927b |||||||| |||| 00| 0 eng d
024 _a11532
037 _cTextual
040 _aSDCL
_cSDCL
_beng
041 _2eng
_aeng
082 _aVwM7o, M5
100 _aPawar Kiran
_9497406
245 0 _aSir JaduNath Sarkar
_bA profile in historiography
260 _c1985
942 _hVwM7o, M5
_cTEXL
_2CC
999 _c813950
_d813950